Calidad educativa : historia de una política para la desigualdad /
Análisis histórico de la calidad de la educación en México desde la década de 1970 hasta la segunda década del siglo XXI. Se afirma que la calidad de la educación ha sido un tema político que se ha gestado, dado a luz y desarrollado a nivel global, regional y nacional con una finalidad de control y...
Guardat en:
| Autor principal: | |
|---|---|
| Format: | Llibre |
| Idioma: | espanyol |
| Publicat: |
México :
UNAM, Instituto de Invetsigaciones sobre la Universidad y la Educación,
2018, c2018
|
| Matèries: | |
| Etiquetes: |
Sense etiquetes, Sigues el primer a etiquetar aquest registre!
|
MARC
| LEADER | 00000nam^a2200000^a^4500 | ||
|---|---|---|---|
| 001 | 000409326 | ||
| 005 | 20250521000000.0 | ||
| 009 | 20260310122019.07 | ||
| 020 | |a 978-607-02-9961-2 | ||
| 037 | |a Acervo ITESO - Biblioteca | ||
| 041 | |a ESP | ||
| 082 | |a 379. 20972 |b PLA | ||
| 100 | |a Plá, Sebastián |e (autor) | ||
| 245 | 1 | 0 | |a Calidad educativa : |b historia de una política para la desigualdad / |c S. Plá. |
| 264 | 4 | |a México : |b UNAM, Instituto de Invetsigaciones sobre la Universidad y la Educación, |c 2018, c2018 | |
| 300 | |a 444 p. | ||
| 336 | |a texto |b txt |2 rdacontenido | ||
| 337 | |a sin mediación |b n |2 rdamedio | ||
| 338 | |a volumen |b nc |2 rdasoporte | ||
| 520 | |a Análisis histórico de la calidad de la educación en México desde la década de 1970 hasta la segunda década del siglo XXI. Se afirma que la calidad de la educación ha sido un tema político que se ha gestado, dado a luz y desarrollado a nivel global, regional y nacional con una finalidad de control y ha promovido la desigualdad social: se afirma la posibilidad para todos de acceder a la educación, y eso pareciera promover el desarrollo igualitario en el campo educativo y cultural, pero no es así, esa universalidad es sólo numérica, no cualitativa. La política educativa pretende poner a cada quien en el lugar que le corresponde. | ||
| 521 | |a FIL 2018 EEnlace Departamento de Psicología, Educación y Salud | ||
| 649 | |a XX | ||
| 650 | |a Pobreza - |z México | ||
| 650 | |a Igualdad y Desigualdad - |z México - |x Tema Principal | ||
| 650 | |a Calidad de la Educación - |z México - |x Tema Principal | ||
| 650 | |a Política Educativa - |z México - |x Historia - |x Tema Principal | ||
| 650 | |a Políticas Públicas - |z México - |x Historia | ||
| 650 | |a Educación y Estado - |z México | ||
| 650 | |a Educación y Política - |z México - |x Historia | ||
| 650 | |a Educación - |z México - |x Historia - |x Tema Principal | ||
| 650 | |a Administración Educativa - |z México | ||
| 910 | |a Fondo General | ||
| 920 | |a Impresos - Libros | ||
| 930 | |a Colección General | ||
| 905 | |a 101 | ||
| 901 | |a 0500318439 |b IT1 |c ACC |i C163454 |u 20250521 | ||
| 902 | |a https://opac.biblio.iteso.mx/vufind/Record/000409326 | ||